000
00232 a2200097 4500
001
42461
100
_a
Dupuy T
245
_a
The air war in the west June 1941-Apr-1945
260
_a
Londo
_b
Franklin watts
_c
090
_c
26378
_d
26378
942
_a
NUST-CAE
_c
M
_c
18200
999
_c
277534
_d
277534